Statistics for European Countries in 1900

Click here to take the quiz!

General Stats

  • This quiz has been taken 5,361 times
  • The average score is 16 of 21

Answer Stats

Country% Correct
United Kingdom
97%
Germany
97%
France
96%
Russian Empire
95%
Spain
95%
Italy
94%
Portugal
93%
Denmark
88%
Belgium
87%
Greece
86%
Netherlands
86%
Ottoman Empire
82%
Switzerland
79%
Austria-Hungary
75%
Romania
74%
Andorra
69%
Luxembourg
67%
Serbia
66%
Liechtenstein
46%
Montenegro
33%
Sweden and Norway
27%

Score Distribution

Percentile by Number Answered

Percent of People with Each Score

Your Score History

You have not taken this quiz